South Asia’s weak states : (Record no. 50608)

MARC details
000 -LEADER
fixed length control field 02552nam a22002897a 4500
005 - DATE AND TIME OF LATEST TRANSACTION
control field 20110217122950.0
010 ## - LCCN (DPL NO)
LC control number ENG-102026 B-454748
020 ## - INTERNATIONAL STANDARD BOOK NUMBER
International Standard Book Number 9780198072492
Terms of availability 750.00
020 ## - INTERNATIONAL STANDARD BOOK NUMBER
International Standard Book Number 019807249x
Terms of availability 750.00
035 ## - SYSTEM CONTROL NUMBER
System control number EN-85559 B-454748
037 ## - SOURCE OF ACQUISITION
Source of stock number/acquisition DBAD / PUB
037 ## - SOURCE OF ACQUISITION
Source of stock number/acquisition Blue Berry/Ven
082 ## - DEWEY DECIMAL CLASSIFICATION NUMBER
Classification number 355.033054
245 ## - TITLE STATEMENT
Title South Asia’s weak states :
Remainder of title understanding the regional insecurity predicament /
Statement of responsibility, etc edited by T. V. Paul
260 ## - PUBLICATION, DISTRIBUTION, ETC. (IMPRINT)
Place of publication, distribution, etc New Delhi
Name of publisher, distributor, etc Oxford University Press
Date of publication, distribution, etc 2011
270 ## - ADDRESS
Address YMCA Library Building, Jai Singh Road,
City New Delhi
Postal code 110001
300 ## - PHYSICAL DESCRIPTION
Extent xii, 333p.
Dimensions 23cm (Hb)
500 ## - GENERAL NOTE
General note Includes bibliographical references and index.
505 ## - FORMATTED CONTENTS NOTE
Formatted contents note State capacity and South Asia’s perennial insecurity problems / T. V. Paul -- State failure and states poised to fail : South Asia and developing nations / Robert I. Rotberg -- State formation, consolidation, and the security challenge : exploring the causes of state incapacity in South Asia / Matthew Lange -- State, nations, and the regional security order of South Asia / Benjamin Miller -- Economic globalization and state capacity in South Asia / Baldev Raj Nayar -- Symbiosis and fracture : civil society and weak states in South Asia / Mustapha Kamal Pasha -- Polity, security, and foreign policy in contemporary India / David Malone and Rohan Mukherjee -- Weak state, failed state, garrison state : the Pakistan saga / Lawrence Ziring -- Afghanistan : a weak state in the path of power rivalries / Rasul Bakhsh Rais -- Sri Lanka : challenges in state consolidation and minority integration / Sankaran Krishna -- Bangladesh : "a weak state" with multiple security challenges / Ali Riaz -- Rebellion and state formation in Nepal : implications for South Asian security / Maya Chadda -- Transforming South Asia : is a pluralistic security community feasible? / T. V. Paul and Theodore McLauchlin.
650 ## - SUBJECT ADDED ENTRY--TOPICAL TERM
Topical term or geographic name as entry element National security
Geographic subdivision South Asia.
650 ## - SUBJECT ADDED ENTRY--TOPICAL TERM
Topical term or geographic name as entry element Internal security
Geographic subdivision South Asia.
700 ## - ADDED ENTRY--PERSONAL NAME
Personal name Paul, T. V.
9 (RLIN) 26032
942 ## - ADDED ENTRY ELEMENTS (KOHA)
Source of classification or shelving scheme Dewey Decimal Classification
Item type English Books
Call number suffix SOU
Classification part 355.033054
Holdings
Withdrawn status Lost status Not for loan Collection code Home library Current library Date acquired Source of acquisition Cost, normal purchase price Full call number Barcode Copy number Cost, replacement price Koha item type
      Non-fiction Central Library Central Library 01/08/2012 Blue Berry/7232/09.11.2011/06/15.09.2011/30.11.2011 750.00 355.033054 SOU B-454748 1 750.00 English Books
    Not For Loan Non-fiction D.B.Act.Division D.B.Act.Division 17/02/2011 DBAD/PUB 750.00 355.033054 SOU EN-85559 1 750.00 English Books

© Delhi Public Library
Hit Counter
free hit counter